000 00632nam a2200229Ia 4500
003 OSt
005 20220918224727.0
006 a|||||r|||| 00| 0
007 ta
008 220917b |||||||| |||| 00| 0 eng d
024 _a233,889
037 _cTextual
040 _aARTS
_cARTS
_beng
041 _2eng
_aeng
082 _aR4, P1
100 _aRahul Kumar
_9148788
245 0 _aConsensualism in principle on the foundations of non-consequentialist moral reasoning
260 _aNew York
_bRoutledge USA
_c2001
650 _aPHILOSOPHY
942 _hR4, P1
_cTEXL
_2CC
999 _c282140
_d282140